00379nam a2200145Ia 4500008004100000020001500041041001200056100001300068245006600081250000800147260003900155300000800194650001400202700001700216221030s9999 xx 000 0 und d a9332518759 aEnglish aJ. Banks 0aDiscrete - Event System Simulationcby J. Banks, J. S. Carson a5th bPearson EducaitonaNew Delhic2015 a564 aComputers aJ. S. Carson